000 00426nam a2200157 i 4500
001 29947
003 ES-MaACL
005 20230906154120.0
007 t|
008 030123s1964 sp ||||1| spa d
100 1 _aBasora Francesh, Marcos.
_926298
245 1 0 _aDerecho del trabajo /
_cMarcos Basora Francesh.
260 _aBarcelona :
_bAriel,
_c1964.
300 _a258 p. ;
_c24 cm.
852 _aES-MaACL
_jC-24981
_bR.53764
999 _c29947
_d29947